Bridge prioritization tool for truck platoons.
This program prioritizes TxDOT's bridges for different truck platoon configurations. The user selects the platoon parameters and the TxDOT district. The program provides a summary plot with the number of structures in each prioritization category. In addition, information on each bridges is pro...
| Corporate Author: | |
|---|---|
| Other Authors: | , |
| Format: | eBook |
| Language: | English |
| Published: |
[Austin, Texas] : [College Station, Tex.] :
Texas Department of Transportation ; Texas A&M Transportation Institute,
[2020]
|
| Series: | Research report (Austin, Tex.) ;
no. 0-6984-P2. |
| Subjects: | |
| Online Access: | Connect to this online resource Connect to the project summary Connect to the related report |
MARC
| Tag | First Indicator | Second Indicator | Subfields |
|---|---|---|---|
| LEADER | 00000cmm a2200000 i 4500 | ||
| 001 | in00004725921 | ||
| 008 | 220524s2020 txu o b s eng d | ||
| 007 | cr cn||||||||| | ||
| 005 | 20230622174653.5 | ||
| 035 | |a (OCoLC)on1319729174 | ||
| 040 | |a NATTR |b eng |e rda |e pn |c NATTR |d TXA | ||
| 035 | |a (OCoLC)1319729174 | ||
| 042 | |a dc | ||
| 043 | |a n-us-tx | ||
| 090 | |a HE203 |b .T43 no. 0-6984-P2 | ||
| 245 | 0 | 0 | |a Bridge prioritization tool for truck platoons. |
| 246 | 1 | |i Project title: |a Evaluate potential impacts, benefits, impediments, and solutions of automated trucks and truck platooning on Texas highway infrastructure | |
| 264 | 1 | |a [Austin, Texas] : |b Texas Department of Transportation ; |a [College Station, Tex.] : |b Texas A&M Transportation Institute, |c [2020] | |
| 300 | |a 1 online resource (1 program file) : |b color | ||
| 336 | |a computer program |b cop |2 rdacontent | ||
| 336 | |a computer dataset |b cod |2 rdacontent | ||
| 337 | |a computer |b c |2 rdamedia | ||
| 338 | |a online resource |b cr |2 rdacarrier | ||
| 347 | |a program file |2 rdaft | ||
| 347 | |b XLSM | ||
| 536 | |a TxDOT Project |f 0-6984 |g 4F. | ||
| 500 | |a "0-6984-P2"--Top of screen. | ||
| 500 | |a Supplement to TTI report no. 0-6984-R1, "Evaluate Potential Impacts, Beneifits, Impediments, and Solutions of Automated Trucks and Truck Platooning on Texas Highway Infrastructure." | ||
| 520 | 8 | |a This program prioritizes TxDOT's bridges for different truck platoon configurations. The user selects the platoon parameters and the TxDOT district. The program provides a summary plot with the number of structures in each prioritization category. In addition, information on each bridges is provided, which includes estimated load ratings. Detailed background information on the analysis is provided in the project reports. | |
| 506 | 0 | |a Open access content |f Open access content |2 star | |
| 588 | 0 | |a Description based on online resource; title from instruction tab of file (TTI, viewed on June 22, 2023). | |
| 650 | 0 | |a Bridges |x Live loads |z Texas |v Software. | |
| 650 | 0 | |a Bridges |x Live loads |z Texas |x Data processing. | |
| 650 | 0 | |a Intelligent transportation systems |z Texas |v Software. | |
| 650 | 0 | |a Intelligent transportation systems |x Data processing. | |
| 650 | 0 | |a Automated vehicles |z Texas |v Software. | |
| 650 | 0 | |a Automated vehicles |z Texas |x Data processing. | |
| 650 | 0 | |a Trucking |z Texas |v Software. | |
| 650 | 0 | |a Trucking |z Texas |x Data processing. | |
| 650 | 7 | |a Traffic platooning. |2 trt | |
| 650 | 7 | |a Load factor. |2 trt | |
| 700 | 1 | |a Yarnold, Matthew, |e contributor. | |
| 700 | 1 | |i Supplement to (work): |a Birgisson, Björn. |t Evaluate potential impacts, beneifits, impediments, and solutions of automated trucks and truck platooning on Texas highway infrastructure. | |
| 710 | 2 | |a Texas A & M Transportation Institute, |e publisher. | |
| 710 | 1 | |a Texas. |b Department of Transportation, |e publisher, |e sponsoring body. | |
| 830 | 0 | |a Research report (Austin, Tex.) ; |v no. 0-6984-P2. | |
| 856 | 4 | 0 | |u http://tti.tamu.edu/documents/0-6984-P2.xlsm |z Connect to this online resource |t 0 |
| 856 | 4 | 2 | |u http://tti.tamu.edu/documents/0-6984-PSR.pdf |z Connect to the project summary |t 0 |
| 856 | 4 | 2 | |u http://tti.tamu.edu/documents/0-6984-PSR.pdf |z Connect to the related report |t 0 |
| 029 | 0 | |a NATTR |b oai:dot.stacks:dot:60841 |c https://rosap.ntl.bts.gov/fedora/oai DCG_ENTIRE_REPOSITORY |t DGCNT | |
| 994 | |a Z0 |b TXA | ||
| 948 | |h NO HOLDINGS IN TXA - 1 OTHER HOLDINGS | ||
| 999 | f | f | |s 8b53c208-6852-45ab-8762-9d1c90941fa0 |i 018cdf52-1dff-42b9-ae39-017d6554a3f3 |t 0 |
| 952 | f | f | |a Texas A&M University |b College Station |c Electronic Resources |d Available Online |t 0 |e HE203 .T43 no. 0-6984-P2 |h Library of Congress classification |
| 998 | f | f | |a HE203 .T43 no. 0-6984-P2 |t 0 |l Available Online |